Cartas mejicanas (Record no. 162)
[ view plain ]
| 000 -CABECERA | |
|---|---|
| campo de control de longitud fija | 01175nam a2200265 a 4500 |
| 001 - NÚMERO DE CONTROL | |
| campo de control | BRCA_193 |
| 005 - FECHA Y HORA DE LA ÚLTIMA TRANSACCIÓN | |
| campo de control | 20190320202921.0 |
| 008 - DATOS DE LONGITUD FIJA--INFORMACIÓN GENERAL | |
| campo de control de longitud fija | 960229r19951839mx-a---##b---#001-0#spa-# |
| 040 ## - FUENTE DE LA CATALOGACIÓN | |
| Centro catalogador/agencia de origen | DLC |
| Centro/agencia transcriptor | DLC |
| 050 #4 - SIGNATURA TOPOGRÁFICA DE LA BIBLIOTECA DEL CONGRESO | |
| Número de clasificación | F1226 |
| Número de documento/Ítem | .B53 1995 |
| 100 1# - ENTRADA PRINCIPAL--NOMBRE DE PERSONA | |
| Nombre de persona | Moxó, Benito María de |
| Fechas asociadas al nombre | 1763-1816 |
| 9 (RLIN) | 702 |
| 245 10 - MENCIÓN DE TÍTULO | |
| Título | Cartas mejicanas |
| Mención de responsabilidad, etc. | Benito María de Moxó ; prólogo de Elías Trabulse ; presentación de Alejandro de Antuñano Maurer. |
| 260 ## - PUBLICACIÓN, DISTRIBUCIÓN, ETC. | |
| Lugar de publicación, distribución, etc. | México |
| Nombre del editor, distribuidor, etc. | Biblioteca Mexicana de la Fundación Miguel Alemán |
| Fecha de publicación, distribución, etc. | 1995 |
| 300 ## - DESCRIPCIÓN FÍSICA | |
| Extensión | lxxv, 415, 24 p. |
| Otras características físicas | il. |
| Dimensiones | 21 cm. |
| 500 ## - NOTA GENERAL | |
| Nota general | Facsímil de: Cartas mexicanas escritas por Maha de Moxó en 1805. Génura : D. Benito, 1839 |
| 500 ## - NOTA GENERAL | |
| Nota general | Incluye índice onomástico |
| 500 ## - NOTA GENERAL | |
| Nota general | Incluye cinco grabados de la obra ´Entretenimientos de un prisionero en las provincias del Río de la plata´, Barcelona, 1828 |
| 504 ## - NOTA DE BIBLIOGRAFÍA, ETC. | |
| Nota de bibliografía, etc. | Bibliografía: p. 71-75 |
| 650 14 - PUNTO DE ACCESO ADICIONAL DE MATERIA--TÉRMINO DE MATERIA | |
| Término de materia o nombre geográfico como elemento de entrada | Indígenas de México |
| Subdivisión general | Cultura y civilización |
| 9 (RLIN) | 703 |
| 650 14 - PUNTO DE ACCESO ADICIONAL DE MATERIA--TÉRMINO DE MATERIA | |
| Término de materia o nombre geográfico como elemento de entrada | Indígenas de México |
| Subdivisión general | Cronistas |
| 9 (RLIN) | 704 |
| 651 #4 - PUNTO DE ACCESO ADICIONAL DE MATERIA--NOMBRE GEOGRÁFICO | |
| Nombre geográfico | México |
| Subdivisión general | Historia |
| Subdivisión cronológica | Colonia española, 1540-1810 |
| 9 (RLIN) | 394 |
| 700 1# - PUNTO DE ACCESO ADICIONAL--NOMBRE DE PERSONA | |
| Nombre de persona | Trabulse, Elías |
| 9 (RLIN) | 546 |
| 700 1# - PUNTO DE ACCESO ADICIONAL--NOMBRE DE PERSONA | |
| Nombre de persona | Antuñano Maurer, Alejandro de |
| 9 (RLIN) | 705 |
| 942 ## - ELEMENTOS DE PUNTO DE ACCESO ADICIONAL (KOHA) | |
| Fuente del sistema de clasificación o colocación | Library of Congress Classification |
| Tipo de ítem Koha | Libros |
| Estado de retiro | Estado de pérdida | Estado dañado | No para préstamo | Localización permanente | Ubicación/localización actual | Fecha de adquisición | Total de préstamos | Signatura topográfica completa | Código de barras | Fecha visto por última vez | Precio válido a partir de | Tipo de ítem Koha |
|---|---|---|---|---|---|---|---|---|---|---|---|---|
| El ejemplar forma parte de la colección y puede ser consultado según las políticas vigentes. | Biblioteca del Museo Franz Mayer (Rogerio Casas-Alatriste) | Biblioteca del Museo Franz Mayer (Rogerio Casas-Alatriste) | 25/06/2008 | F1226 .B53 1995 | 00258 | 22/03/2019 | 22/03/2019 | Libros |